| 000 | 00815nam a2200253 i 4500 | ||
|---|---|---|---|
| 001 | 11975 | ||
| 003 | KOSZ 005 | ||
| 005 | 20200630132825.0 | ||
| 008 | 070822s1969 pl f 001 0 pol | ||
| 015 | _aPB 1969/1029 | ||
| 040 |
_aWA N _cKOSZ 005/KK _dKOSZ 005/KK _dKOSZ 005/HR |
||
| 046 | _k1969 | ||
| 080 | _a316 | ||
| 100 | 1 |
_aSzczurkiewicz, Tadeusz _d(1895-1984). _eAutor |
|
| 245 | 1 | 0 |
_aStudia socjologiczne / _cTadeusz Szczurkiewicz. |
| 260 |
_aWarszawa : _bPaństwowe Wydawnictwo Naukowe, _c1969. |
||
| 300 |
_a461, [3] s. ; _c23 cm. |
||
| 380 | _aKsiążki. | ||
| 388 | _a1901- | ||
| 650 | 4 | _aSocjologia | |
| 710 | 2 |
_aPaństwowe Wydawnictwo Naukowe _4pbl. |
|
| 856 |
_uhttp://koha.tu.koszalin.pl/cgi-bin/koha/opac-detail.pl?biblionumber=11975 _yKatalog online BPK |
||
| 942 |
_2UKD _cKS |
||
| 999 |
_c11975 _d11975 |
||